| 000 | 00674nac a22002051u 4500 | ||
|---|---|---|---|
| 008 | 100921t xxu||||| |||| 00| 0 eng d | ||
| 010 | _a78645468 | ||
| 082 |
_a016.956005 _bSa551 |
||
| 100 |
_a20080729 _919623 |
||
| 245 |
_aAl-Qaeda and Jihadi Movements Worldwide/ _cJames Joseph Sanchez.[editor] |
||
| 260 |
_aSeattle,Washington: _bRefrence Corporation Aristarchus Knowledge Industry, _cC.2005. |
||
| 300 |
_aV.11; _c31cm. |
||
| 490 | _a. | ||
| 500 | _aDonations. | ||
| 500 | _aDonations - Bibliotheca Alexandrina. | ||
| 600 |
_aSanchez, James Joseph.[ed] _919625 |
||
| 650 | _2BUEsh | ||
| 651 | _2BUEsh | ||
| 942 |
_cREFERENCE _k016.956005Sa551 _2ddc |
||
| 999 |
_c3573 _d3573 |
||